Largest Islands by Letter - M - Statistics

General Stats
  • This quiz has been taken 70 times
    36 since last reset
  • The average score is 9 of 33
Answer Stats
Area (sq km) Country Answer % Correct
587,041 Madagascar Madagascar
96%
97,530 Philippines Mindanao
88%
3,667 Spain Mallorca
84%
1,874 Mauritius Mauritius
76%
40,100 Brazil Marajó
52%
42,149 Canada Melville Island
52%
5,765 Australia Melville Island
52%
2,100 Colombia Margarita Island
40%
1,020 Venezuela Margarita Island
40%
10,572 Philippines Mindoro
40%
1,167 France Martinique
36%
1,903 United States Maui
28%
3,268 Philippines Masbate Island
24%
2,766 Canada Manitoulin Island
20%
1,940 Papua New Guinea Manus Island
20%
3,836 Solomon Islands Malaita
16%
5,048 Canada Mackenzie King Island
12%
4,429 Indonesia Madura Island
12%
1,536 India Middle Andaman Island
12%
1,043 Chile Madre de Dios Island
8%
3,180 Canada Mansel Island
8%
3,913 Denmark Milne Land
8%
2,608 Canada Moresby Island
8%
1,002 Australia Mornington Island
8%
2,025 Chile Magdalena Island
4%
2,041 Vanuatu Malakula
4%
1,258 None (Antarctica) Mill Island
4%
1,250 Senegal Morfil
4%
2,266 Indonesia Morotai
4%
2,889 Indonesia Muna Island
4%
3,190 Solomon Islands Makira
0%
1,229 Indonesia Mangole Island
0%
2,034 Indonesia Misool
0%
No matching quizzes found
Score Distribution
Percent of People with Each Score
Percentile by Number Answered
Your Score History
You have not taken this quiz since the last reset